[Event "Caioba Telecom op"]
[Site "Caioba"]
[Date "2016.08.28"]
[Round "6"]
[White "Goncalves, Mateus"]
[Black "Cunha, Pedro Lisboa"]
[Result "1-0"]
[WhiteElo "1460"]
[BlackElo "1382"]
[PlyCount "119"]
[EventDate "2016.08.26"]
[EventType "swiss"]
[EventRounds "6"]
[EventCountry "BRA"]
[SourceTitle "CBM 174 Extra"]
[Source "ChessBase"]
[SourceDate "2016.10.10"]
[SourceVersion "1"]
[SourceVersionDate "2016.10.10"]
[SourceQuality "1"]

1. e4 e6 2. d4 d5 3. Nc3 Nf6 4. Bg5 Be7 5. exd5 exd5 6. Nf3 0-0 7. Bd3 Nfd7 8. Bf4 Re8 9. 0-0 Nc6 10. Nxd5 Bd6 11. Bxd6 cxd6 12. Qd2 Nf6 13. Nxf6+ Qxf6 14. c3 Bg4 15. Ng5 g6 16. Ne4 Qe6 17. Rfe1 f5 18. d5 Qe7 19. Ng5 Qf6 20. dxc6 bxc6 21. Bc4+ d5 22. Bxd5+ cxd5 23. Qxd5+ Kg7 24. Ne6+ Kh6 25. Qd2+ g5 26. h4 Kg6 27. hxg5 Qf7 28. Nf4+ Kg7 29. Qd4+ Kg8 30. Nd5 Red8 31. Nf6+ Kg7 32. Qf4 Rd3 33. Nxg4 fxg4 34. Qxf7+ Kxf7 35. Rad1 Rad8 36. Rxd3 Rxd3 37. Re2 g3 38. fxg3 Rxg3 39. Rd2 Kg6 40. Rd5 Rxg5 41. Rxg5+ Kxg5 42. Kf2 Kf4 43. g3+ Ke4 44. Ke2 Kd5 45. Kd3 Kc5 46. a3 Kd5 47. c4+ Kc5 48. b4+ Kb6 49. Kd4 h5 50. Kd5 h4 51. gxh4 a5 52. h5 axb4 53. axb4 Kc7 54. h6 Kb6 55. h7 Ka6 56. h8Q Kb6 57. Qf6+ Ka7 58. Qc6 Kb8 59. Qd7 Ka8 60. Kc6 1-0